[Event "GER-chT U12"]
[Site "Seifhennersdorf"]
[Date "2001.12.29"]
[Round "6.4"]
[White "Wissmeier, Andreas"]
[Black "Bandur, Felix"]
[Result "1/2-1/2"]
[WhiteElo "909"]
[BlackElo "990"]
[PlyCount "80"]
[EventDate "2001.12.27"]
[EventType "team"]
[EventRounds "7"]
[EventCountry "GER"]
[SourceTitle "EXT 2003"]
[Source "ChessBase"]
[SourceDate "2002.11.25"]
[SourceVersion "1"]
[SourceVersionDate "2002.11.25"]
[SourceQuality "1"]

1. c4 e5 2. g3 Bc5 3. Nc3 Nf6 4. Bg2 c6 5. d3 h6 6. Nf3 d6 7. 0-0 Be6 8. a3 Nbd7 9. b4 Bd4 10. Nxd4 exd4 11. Ne4 Qe7 12. Bb2 c5 13. Nxf6+ Qxf6 14. Bxb7 Rb8 15. Bg2 0-0 16. e3 Rfe8 17. exd4 cxd4 18. Re1 Bf5 19. Rxe8+ Rxe8 20. Bc6 Rc8 21. b5 Nc5 22. Be4 Nxe4 23. dxe4 Bxe4 24. Bxd4 Qf3 25. Qxf3 Bxf3 26. Bxa7 Rxc4 27. b6 Ra4 28. Kf1 Kf8 29. Ke1 f5 30. Rd1 Ke7 31. Rd3 Bc6 32. Rc3 Kd7 33. Kd2 g5 34. Kc2 d5 35. h3 g4 36. hxg4 fxg4 37. Kd2 d4 38. Rb3 Kc8 39. Kd3 Kb7 40. Kd2 Be4 1/2-1/2

[Event "GER-chT U12"]
[Site "Seifhennersdorf"]
[Date "2001.12.28"]
[Round "3.4"]
[White "Heistermann, Till"]
[Black "Wissmeier, Andreas"]
[Result "1-0"]
[WhiteElo "1240"]
[BlackElo "909"]
[PlyCount "47"]
[EventDate "2001.12.27"]
[EventType "team"]
[EventRounds "7"]
[EventCountry "GER"]
[SourceTitle "EXT 2003"]
[Source "ChessBase"]
[SourceDate "2002.11.25"]
[SourceVersion "1"]
[SourceVersionDate "2002.11.25"]
[SourceQuality "1"]

1. e4 e5 2. Nf3 Nc6 3. Bb5 a6 4. Ba4 b5 5. Bb3 Nf6 6. 0-0 Nxe4 7. Re1 Nc5 8. Nxe5 Qf6 9. Nxc6+ Ne6 10. Bxe6 fxe6 11. Ne5 d6 12. Qf3 dxe5 13. Qxa8 Kd8 14. Qf3 Qf4 15. Qxf4 exf4 16. d4 g5 17. Nc3 Bg7 18. d5 Bxc3 19. bxc3 exd5 20. Re5 Rg8 21. Rxd5+ Bd7 22. Ba3 Rg7 23. Rad1 h6 24. Bf8 1-0